000 01622ngm a22003490a 4500
001 PT39979
003 AR-LpoUNG
005 20210201235901.0
007 vd cvaizq
008 191001s2007||||ag |||||||||||||||||spa d
037 _c$7.65
040 _aAR-LpoUNG
_bspa
_cAR-LpoUNG
_eaacr
041 _aspa
044 _aag
082 0 _a305.85 965edu
100 1 _aCuerda, José Luis
_edir.
245 1 3 _aLa educación de las hadas
250 _a1§ edición
260 _aSan Luis :
_bAVH,
_c2007.
300 _aDVD (95 min.) : son., col.
505 0 _aElenco: Ricardo Darín (Nicolás), Irène Jacob (Ingrid), Bebe (Sezar). - Basado en la novela "La educación de un hada" de Didier van Cauwelaert.
520 _aNicolás encuentra, a la vez, a la mujer de su vida y al hijo que él nunca ha tenido, pero que ansía tener, en un avión que los lleva de Alicante a Barcelona. Él es inventor de juguetes. Ella, Ingrid, viuda reciente de un capitán de aviación muerto en Iraq, es una ornitóloga que estudia en Cataluña las migraciones de las palomas torcaces. Y su hijo, Raúl, de ocho años, es un fantaseador de primer orden. A partir de este encuentro, la historia de amor de los tres será perfecta. Sin embargo, Ingrid, de repente, decide que todo se ha acabado. ¿Por qué? Porque ha llegado a la conclusión de que nunca podrán ser más felices de lo que lo han sido hasta ese momento
650 4 _aDRAMA
650 4 _aESPAÑA
650 4 _aRELACIONES HUMANAS
651 4 _aEspaña
653 _aCINE ESPAÑOL
653 _aDVD
653 _aVIDEOS
905 _a39979
942 _cDVD
999 _c53696
_d53696